Score 0/8 Timer 00:30
0 Plays Today
% Correct
Abraham Lincoln
96.1%
John F. Kennedy
93.2%
Franklin Roosevelt
73.8%
James Garfield
71.4%
William McKinley
71.2%
William Henry Harrison
65.3%
Warren Harding
46%
Zachary Taylor
43.1%

Today's Daily Dose

Remove Ads.
Support Sporcle.
Get the best of Sporcle when you Go Orange. This ad-free experience offers more features, more stats, and more fun while also helping to support Sporcle. Thank you for becoming a member.

You're not logged in!

Compare scores with friends on all Sporcle quizzes.
OR
Log In

Show Comments

Extras

Top Quizzes Today


Score Distribution

Your Account Isn't Verified!

In order to create a playlist on Sporcle, you need to verify the email address you used during registration. Go to your Sporcle Settings to finish the process.

Report this User

Report this user for behavior that violates our Community Guidelines.

Details: